000 00480nam a2200169Ia 4500
005 20250508155427.0
008 008 250505s9999 xx 000 0 eng d
037 _aBooks to be hide in OPAC
040 _aFEDL
_beng
_cFEDL
041 _aeng
_2eng
084 _a379.5414, BEN/O
_qFEDL
245 0 _aGeneral report on public instruction in Bengal for 1885-86
260 _c1886
300 _a119p.
942 _cHB
_h379.5414, BEN/O
999 _c1356770
_d1356770